|
|
|
|
| LEADER |
00000nam a2200000 i 4500 |
| 001 |
ELB69404 |
| 003 |
FlNmELB |
| 005 |
20190702105710.0 |
| 006 |
m o d | |
| 007 |
cr cnu|||||||| |
| 008 |
190415s2011 ck ob 000 0 spa d |
| 020 |
|
|
|a 9781512960297
|q (electronic bk.)
|
| 020 |
|
|
|z 9789586956598
|
| 035 |
|
|
|a (OCoLC)1128453204
|
| 040 |
|
|
|a FINmELB
|b spa
|e rda
|c FINmELB
|
| 050 |
|
4 |
|a BF575.S75
|b P624 2011
|
| 080 |
|
|
|a 159.9
|
| 082 |
0 |
|
|a 155.9042
|2 23
|
| 100 |
1 |
|
|a Pieschacón Fonrodona, Mónica.
|
| 245 |
1 |
0 |
|a Trastorno de estrés postraumático :
|b modelo cognitivo-conductual /
|c Mónica Pieschacón Fonrodona.
|
| 264 |
|
1 |
|a Bogotá :
|b Universidad de los Andes,
|c 2011.
|
| 300 |
|
|
|a 1 recurso en línea (156 páginas)
|
| 336 |
|
|
|a texto
|b txt
|2 rdacontent/spa
|
| 337 |
|
|
|a computadora
|b c
|2 rdamedia/spa
|
| 338 |
|
|
|a recurso en línea
|b cr
|2 rdacarrier/spa
|
| 490 |
1 |
|
|a Psicología
|
| 504 |
|
|
|a Incluye referencias bibliográficas.
|
| 588 |
|
|
|a Descripción basada en el editor de metadatos y otras fuentes.
|
| 590 |
|
|
|a Recurso electrónico. Santa Fe, Arg.: elibro, 2019. Disponible vía World Wide Web. El acceso puede estar limitado para las bibliotecas afiliadas a elibro.
|
| 650 |
|
4 |
|a Estrés (Psicología)
|
| 650 |
|
4 |
|a Estrés postraumático.
|
| 650 |
|
0 |
|a Stress (Psychology)
|
| 650 |
|
0 |
|a Post-traumatic stress disorder.
|
| 655 |
|
4 |
|a Libros electronicos.
|
| 797 |
2 |
|
|a elibro, Corp.
|
| 830 |
|
0 |
|a Psicología.
|
| 856 |
4 |
0 |
|u https://elibro.uam.elogim.com/ereader/bidiuam/69404
|z Texto completo
|